Možnosti využitia programov PowerShape a PowerMill pri tvorbe návrhu a výrobe tvarových povrchov

Saved in:
Bibliographic Details
Main Author: Allina, Milan, 1966- (Author)
Other Authors: Omámik, Michal, 1983- (Thesis advisor)
Format: Manuscript Book
Language:Slovak
Published: Trnava : STU v Bratislave MTF UVTE KOM, 2010
Subjects:
Online Access:VAIS
Tags: Add Tag
No Tags, Be the first to tag this record!

MARC

LEADER 00000ntm a22000003a 4500
001 stu217576
005 20160719160415.9
008 101127s2010----xo------------------slo-d
040 |a STU  |b slo 
041 0 |a slo 
044 |a xo 
100 1 |a Allina, Milan,  |d 1966-  |4 aut  |X 51937  |7 A000051937 
242 0 0 |a Possibilities of utilization of PowerShape and PowerMill programs at creation of design and manufacturing of shaped surfaces.  |y eng 
245 1 |a Možnosti využitia programov PowerShape a PowerMill pri tvorbe návrhu a výrobe tvarových povrchov  
260 |a Trnava :  |b STU v Bratislave MTF UVTE KOM,  |c 2010 
650 7 |a počítačová podpora výrobných technológií  |2 stusub 
650 7 |a Computing Support of Manufacturing Technologies  |2 estusub 
650 7 |a CNC  |2 stusub 
700 1 |a Omámik, Michal,  |d 1983-  |4 ths  |u M140  |T MTF Katedra zvárania  |X 33376  |U M140  |Y M140  |7 A000033376 
856 4 |a info a plný text  |u http://is.stuba.sk/zp/portal_zp.pl?podrobnosti=52505  |3 VAIS 
996 |c M*BP-5044  |l MMSKP  |s P  |a 0  |w stu217576_0001